000 00265nam a22001217a 4500
041 _aENG
100 _aGadge.S.R
245 _aPratical Manual for Engineering Chemistry
260 _aAkola
_bDr.PDKV
_c1999
300 _a20
650 _aEOES (12)
856 _uEOES (12)
999 _c2722
_d2722